1710 1686 1635 1348 1179 1065 1793 1070 1971 1762 1892 1683 1659 1738 1872 1988 1611 1397 1847 1208 1148 1777 1847 1849 1875 1534 1669 1345 1702 1125 1881 1155 1788 1737 1298 1660 1218 1388 1283 1882 1847 1925 1631 1844 1352 1907 1082 1725 1614 1504 1406 1359 1600 1689 1984 1041 1986 1346 1235 1950 1159 1821 1918 1111 1006 1443 1779 1037 1549 1262 1297 1362 1270 1900 1899 1093 1706 1300 1460 1154 1027 1881 1400 1185 1644 1482 1752 1223 1553 1527 1973 1510 1536 1300 1222 1464 1051 1056 1261 BCNSPRNW ULIB Ver.6.0+V

เปลี่ยนเป็นภาษาไทย

Change to English
 แสดงรายละเอียดบรรณานุกรม
  กลับหน้าหลัก

Brief Record : Get Marc (ISO 2709) : E-mail record : QR code < ปิดหน้าต่าง
LEADER : 00000nam 2200000uu 4500
001    13399126904
003     ULIB
008    190902s2560||||th 000 0 tha d
020    ^a9786167919225
060    ^aWM140^bอ153ห
100    ^aอนงค์ ภิบาล และคณะ
245    ^aการป้องกันภาวะซึมเศร้าของผู้สูงอายุโดยใช้หลักมิติจิตวิญญาณ ตามวิถีมุสลิม
250    ^aพิมพ์ครั้งที่ 1
260    ^aสงขลา :^bโรงพิมพ์สมศักดิ์การพิมพ์,^c2560
300    ^a83 หน้า^bภาพประกอบ
650    ^aภาวะซึมเศร้า^xผู้สูงอายุ
650    ^aผู้สูงอายุ
945    ^p250^l0^i005742
945    ^p250^l0^i005741
945    ^p250^l0^i005740
945    ^p250^l0^i005739
945    ^p250^l0^i005738
999    ^aอังศุธร กาญจนาโรจน์พันธ์
รายการนี้ยังไม่มีแท็ก
คุณยังไม่ได้ล็อกอิน คุณสามารถมีกิจกรรมร่วมกับเว็บไซต์ได้ แต่ต้องล็อกอินก่อน ::
  ล็อกอิน

รายการสื่อสารสนเทศ

ลำดับที่ ประเภท เลขเรียก/บาร์โค้ด สถานที่ สถานะ
1. วิทยาศาสตร์การแพทย์ และสุขภาพ
หนังสือสำรอง
สถานะ=หนังสือสำรอง
WM140 อ153ห ฉ.1 
  Barcode: 005738
ห้องสมุดวิทยาเขตสวรรค์ประชารักษ์
►หนังสือทั่วไป
บนชั้น
2. วิทยาศาสตร์การแพทย์ และสุขภาพ
วิทยาศาสตร์การแพทย์ และสุขภาพ
WM140 อ153ห ฉ.2 
  Barcode: 005739
ห้องสมุดวิทยาเขตสวรรค์ประชารักษ์
►หนังสือทั่วไป
ถูกยืม กำหนดส่งวันที่ 1 มีนาคม 2569
  จอง
3. วิทยาศาสตร์การแพทย์ และสุขภาพ
วิทยาศาสตร์การแพทย์ และสุขภาพ
WM140 อ153ห ฉ.3 
  Barcode: 005740
ห้องสมุดวิทยาเขตสวรรค์ประชารักษ์
►หนังสือทั่วไป
บนชั้น
4. วิทยาศาสตร์การแพทย์ และสุขภาพ
วิทยาศาสตร์การแพทย์ และสุขภาพ
WM140 อ153ห ฉ.4 
  Barcode: 005741
ห้องสมุดวิทยาเขตสวรรค์ประชารักษ์
►หนังสือทั่วไป
บนชั้น
5. วิทยาศาสตร์การแพทย์ และสุขภาพ
วิทยาศาสตร์การแพทย์ และสุขภาพ
WM140 อ153ห ฉ.5 
  Barcode: 005742
ห้องสมุดวิทยาเขตสวรรค์ประชารักษ์
►หนังสือทั่วไป
บนชั้น

รายการใกล้เคียง
    ชื่อเรื่อง [การป้องกันภาวะซึมเศร้าของผู้สูงอายุโดยใช้หลักมิติจิตวิญญาณ ตามวิถีมุสลิม]

    ผู้แต่ง [อนงค์ ภิบาล และคณะ]

    หัวเรื่อง [ผู้สูงอายุ]

BibComment


ยังไม่เคยถูกคอมเมนท์

คอมเมนท์ทรัพยากรรายการนี้
  คอมเมนท์: การป้องกันภาวะซึ..


 Copyright 2026. Bcnsprnw @Library